| 000 | 01703nam a2200421 i 4500 | ||
|---|---|---|---|
| 001 | DIGAUHUM0012 | ||
| 003 | NyNyDIG | ||
| 007 | cr ||||||||||| | ||
| 008 | 241210s2024 ck ob 001 0 spa d | ||
| 006 | m o d | ||
| 035 | _a(OCoLC)1478204644 | ||
| 040 |
_aDGITA _beng _erda _epn _cDGITA |
||
| 020 |
_a9786287700338 _q(versión digital) |
||
| 020 |
_z9786287700321 _q(versión impresa) |
||
| 050 | 1 | 4 | _aBL200 ebook |
| 100 | 1 |
_aMurgueytio Martínez, José, _eauthor. |
|
| 245 | 1 | 3 |
_aLa metamorfosis divina : _bconstrucción y deconstrucción de Dios desde la antigüedad clásica hasta la modernidad / _cJosé Murgueytio Martínez. |
| 250 | _aPrimera edición. | ||
| 264 | 1 |
_aBogotá : _bEditorial Aula de Humanidades, _c2024. |
|
| 300 | _a1 online resource. | ||
| 336 |
_atext _btxt _2rdacontent |
||
| 337 |
_acomputer _bc _2rdamedia |
||
| 338 |
_aonline resource _bcr _2rdacarrier |
||
| 347 |
_atext file _2rdaft |
||
| 347 | _bPDF | ||
| 490 | 1 | _aColección Ética y sociedad | |
| 504 | _aIncludes bibliographical references and index. | ||
| 588 | 0 | _aOnline resource; title from PDF title page (Digitalia, viewed December 10, 2024) | |
| 650 | 0 | _aTheism. | |
| 650 | 0 |
_aGod _xProof. |
|
| 791 | 2 |
_aDigitalia (Firm), _edistributor. |
|
| 793 | 0 |
_gDigitalia eBook Collection: _aEditorial Aula de Humanidades |
|
| 776 | 0 | 8 |
_iPrint version: _aMurgueytio Martínez, José. _tMetamorfosis divina. _bPrimera edición. _dBogotá : Editorial Aula de Humanidades, [2024] _z9786287700321 |
| 830 | 0 | _aÉtica y sociedad (Editorial Aula de Humanidades) | |
| 856 | 4 | 0 |
_3Digitalia Hispánica _uhttps://www.digitaliapublishing.com/a/159388/ |
| 910 | _aPremium collection: 2024 | ||
| 942 | _cRAA | ||
| 999 |
_c288398 _d288398 |
||